000
00296nam a2200121Ia 4500
008
260210s9999 xx 000 0 und d
020
_a
9789386906908
100
_a
GEORGE MICHELL
245
0
_a
LEPAKSHI ARCHITECTURE SCULPTURE,PAINTING
260
_b
NIYOGI BOOKS
260
_c
2019
942
_c
UG
999
_c
14268
_d
14268